<?xml version="1.0" encoding="utf-8"?>
<?xml-stylesheet type='text/xsl' href='./oai2.xsl'?>
<OAI-PMH xmlns="http://www.openarchives.org/OAI/2.0/" xmlns:xsi="http://www.w3.org/2001/XMLSchema-instance" xsi:schemaLocation="http://www.openarchives.org/OAI/2.0/ http://www.openarchives.org/OAI/2.0/OAI-PMH.xsd">
  <responseDate>2026-06-06T18:39:34Z</responseDate>
  <request verb="GetRecord" metadataPrefix="marcxml" identifier="record_kuniweb_120423">https://kulturerbe.niedersachsen.de/oai</request>
  <GetRecord>
    <record>
      <header>
        <identifier>record_kuniweb_120423</identifier>
        <datestamp>2024-04-10T10:39:58Z</datestamp>
        <setSpec>slg0230</setSpec>
      </header>
      <metadata>
        <marc:record xmlns:marc="http://www.loc.gov/MARC21/slim" xsi:schemaLocation="http://www.loc.gov/MARC21/slim http://www.loc.gov/standards/marcxml/schema/MARC21slim.xsd">
          <marc:leader>12345nkm  22     uu 4500</marc:leader>
          <marc:controlfield tag="001">120423</marc:controlfield>
          <marc:controlfield tag="003">http://kuniweb.gbv.de</marc:controlfield>
          <marc:controlfield tag="005">2021-12-16T11:47:37</marc:controlfield>
          <marc:controlfield tag="008">|           ||||||||||||||||||||||</marc:controlfield>
          <marc:datafield tag="245" ind1="1" ind2="0">
            <marc:subfield code="a">Altenbruch: Leuchtturm "Dicke Berta", Frühjahrsdeichschau 1949, Regierungsbauoberinspektor Heinrich Heitsch, Otterndorf (mit Brille); Sachbearbeiter Matthies vom WWA Stade; Ernst August von der Wense, Wingst, seit 1948 Landrat des Kreises Land Hadeln (z.T. durch Haare verdeckt); ...?; Ministerpräsisent Hinrich Wilhelm Kopf (v.l.n.r.)</marc:subfield>
          </marc:datafield>
          <marc:datafield tag="655" ind1=" " ind2="7">
            <marc:subfield code="a">Fotografie</marc:subfield>
          </marc:datafield>
          <marc:datafield tag="046" ind1=" " ind2=" ">
            <marc:subfield code="k">1949</marc:subfield>
            <marc:subfield code="k">1949</marc:subfield>
          </marc:datafield>
          <marc:datafield tag="260" ind1=" " ind2=" ">
            <marc:subfield code="g">1949</marc:subfield>
            <marc:subfield code="g">1949</marc:subfield>
          </marc:datafield>
          <marc:datafield tag="300" ind1=" " ind2=" ">
            <marc:subfield code="a">Höhe: 17,7 cm
Breite: 12,6 cm</marc:subfield>
          </marc:datafield>
          <marc:datafield tag="600" ind1="1" ind2=" ">
            <marc:subfield code="a">Kopf</marc:subfield>
            <marc:subfield code="d">* 06.05.1893 † 21.12.1961</marc:subfield>
          </marc:datafield>
          <marc:datafield tag="600" ind1="1" ind2=" ">
            <marc:subfield code="a">Wense, von der</marc:subfield>
            <marc:subfield code="d">* 11.01.1899 † 30.01.1966</marc:subfield>
          </marc:datafield>
          <marc:datafield tag="650" ind1="1" ind2=" ">
            <marc:subfield code="a">Altenbruch</marc:subfield>
          </marc:datafield>
          <marc:datafield tag="650" ind1="1" ind2=" ">
            <marc:subfield code="a">Altenbruch, Alter Turm (Leuchtfeuer)</marc:subfield>
          </marc:datafield>
          <marc:datafield tag="773" ind1="0" ind2=" ">
            <marc:subfield code="t">Foto- und Grafiksammlung</marc:subfield>
          </marc:datafield>
          <marc:datafield tag="852" ind1=" " ind2=" ">
            <marc:subfield code="a">Archiv des Landkreises Cuxhaven</marc:subfield>
          </marc:datafield>
          <marc:datafield tag="" ind1=" " ind2=" ">
            <marc:subfield code="a">Dieses digitale Objekt ist durch das Urheberrecht und/oder verwandte Rechte geschützt. Es gelten die Nutzungsbedingungen des Archivs sowie die Gebührensatzung des Landkreises Cuxhaven in der jeweils geltenden Fassung. Bitte wenden Sie sich für inhaltliche Auskünfte oder Reproduktionen an das Archiv des Landkreises Cuxhaven.</marc:subfield>
          </marc:datafield>
          <marc:datafield tag="" ind1=" " ind2=" ">
            <marc:subfield code="a">Urheberrechtsschutz (InC)</marc:subfield>
          </marc:datafield>
        </marc:record>
      </metadata>
    </record>
  </GetRecord>
</OAI-PMH>
